| 000 | 00564nam a22002057a 4500 | ||
|---|---|---|---|
| 999 |
_c7315 _d7315 |
||
| 003 | OSt | ||
| 005 | 20211001143906.0 | ||
| 008 | 211001b ||||| |||| 00| 0 eng d | ||
| 020 | _a812390049X | ||
| 040 | _cDDC | ||
| 082 | _a587BIL 1992 | ||
| 100 |
_aBilgrami K.S.; Saha L.C.; _914998 |
||
| 245 |
_aA Textbook of Algae. _cEdited by Bilgrami K.S. and Saha L.C.; |
||
| 250 | _a1st Ed. | ||
| 260 |
_aIndia. _bCBS _c1992 |
||
| 300 |
_ax,260p; _bill; _c23cm. |
||
| 504 | _aIncludes; references,glossary and index. | ||
| 650 |
_aBiology _95602 |
||
| 942 |
_2ddc _cO_SHELF |
||